The Indian communists exposed. (Record no. 69246)

MARC details
000 -LEADER
fixed length control field 00637cam a22002291 4500
001 - CONTROL NUMBER
control field sa 66004113
003 - CONTROL NUMBER IDENTIFIER
control field DLC
005 - DATE AND TIME OF LATEST TRANSACTION
control field 20260227112240.0
008 - FIXED-LENGTH DATA ELEMENTS--GENERAL INFORMATION
fixed length control field 750305s1965 xx 000 0 eng
010 ## - LIBRARY OF CONGRESS CONTROL NUMBER
LC control number sa 66004113
035 ## - SYSTEM CONTROL NUMBER
System control number (OCoLC)1200931
040 ## - CATALOGING SOURCE
Original cataloging agency DLC
Transcribing agency VtU
Modifying agency OCoLC
-- DLC
042 ## - AUTHENTICATION CODE
Authentication code premarc
050 00 - LIBRARY OF CONGRESS CALL NUMBER
Classification number JQ298.C6
Item number A62 1965c
100 0# - MAIN ENTRY--PERSONAL NAME
Personal name Abid Ali,
Dates associated with a name 1900-
245 14 - TITLE STATEMENT
Title The Indian communists exposed.
250 ## - EDITION STATEMENT
Edition statement [3d rev. ed.]
260 ## - PUBLICATION, DISTRIBUTION, ETC.
Place of publication, distribution, etc. New Delhi,
Name of publisher, distributor, etc. Indian National Trade Union Congress,
Date of publication, distribution, etc. 1965.
300 ## - PHYSICAL DESCRIPTION
Extent vi, 44 p.
Dimensions 22 cm.
610 20 - SUBJECT ADDED ENTRY--CORPORATE NAME
Corporate name or jurisdiction name as entry element Communist Party of India.
650 #0 - SUBJECT ADDED ENTRY--TOPICAL TERM
Topical term or geographic name entry element Communism
Geographic subdivision India
General subdivision History.

No items available.

Powered by Koha